• 首页
  • 本馆介绍
  • 公告通知
  • 最新文献
  • 馆藏检索
  • 电子资源
  • 读者导购
  • 参考咨询
  • 我的图书馆
  • 登录
  • 详细信息显示
  • 放入我的书架
  • 预约/预借图书
  • 作者相关作品
  • 分类相关作品
  • 丛书相关作品
  • 出版社相关作品

书目信息

  • 表格格式
  • 工作单格式
  • 卡片格式
题名:
教学全面质量管理
    
 
作者: 程凤春 著
分册:  
出版信息: 北京   教育科学出版社  2006
页数: 228页
开本: 24cm
丛书名: 教育博士文库
单 册:
中图分类: G420
科图分类:
主题词: 教学质量--全面质量管理 , 教学管理
电子资源:
ISBN: 7-5041-2775-2
000 01009nam0 2200277 450
000 01030nam0 2200277 450
000 00963nam0 2200253 450
000 00927oam2 2200241 45
005 20070727145717.29
010    @a7-5041-2775-2@dCNY23.00
100    @a20070706d2006 em y0chiy0120 ea
101 0  @achi
102    @aCN@b110000
105    @ay z 000yy
200 1  @a教学全面质量管理@AJiao Xue Quan Mian Zhi Liang Guan Li@e理念与操作策略@ELi Nian Yu Cao Zuo Ce Lue@f程凤春著@FCheng Feng Chun Zhu
210    @a北京@c教育科学出版社@d2006
215    @a228页@d24cm
225 2  @a教育博士文库
330    @a本书分析了20世纪90年代以来全面质量管理应用于教育领域的成果,结合调查研究和案例分析对教学全面质量管理的内涵、教学全面质量管理的要素及其操作策略等问题进行了探讨。
410  0 @12001 @a教育博士文库
606 0  @a教学质量@x全面质量管理
606 0  @a教学管理
690    @aG420@v4
701  0 @a程凤春@ACheng Feng Chun@f(1963.10~)@4著
801  0 @aCN@bTAOJIN@c20070727
905    @a10447@dG420@e185
    
    教学全面质量管理:理念与操作策略/程凤春著.-北京:教育科学出版社,2006
    228页;24cm.-(教育博士文库)
    
    
    ISBN 7-5041-2775-2:CNY23.00
    本书分析了20世纪90年代以来全面质量管理应用于教育领域的成果,结合调查研究和案例分析对教学全面质量管理的内涵、教学全面质量管理的要素及其操作策略等问题进行了探讨。
●
相关链接 在E读中查询图书 在五车中查询图书 在当当中查询图书 在豆瓣中查询图书


正题名:教学全面质量管理     索取号:G420/185         预约/预借

序号 登录号 条形码 馆藏地/架位号 状态 备注
1 0821270   208212708   第一样本阅览室/ [索取号:G420/185] 在馆    
2 0821271   208212717   第四借阅区/ [索取号:G420/185] 在馆    
3 0821272   208212726   第四借阅区/ [索取号:G420/185] 在馆    
4 0821273   208212735   第四借阅区/ [索取号:G420/185] 在馆    
5 0821274   208212744   第四借阅区/ [索取号:G420/185] 在馆    
唐山师范学院图书馆 欢迎您!
大连网信软件有限公司© 版权所有